Kuwait : From Reconstruction to Accumulation for Future Generations /

Kuwait has made an impressive recovery from the damage and disruptions caused by the Iraqi invasion in 1990, as evidenced by the restoration of basic economic and social services, the recovery of the oil sector, the rehabilitation of infrastructure, and the steady reduction in the fiscal and balance...

詳細記述

書誌詳細
第一著者: Wilson, John
その他の著者: Chalk, Nigel, El-Erian, Mohamed, Fennell, Susan
フォーマット: 雑誌
言語:English
出版事項: Washington, D.C. : International Monetary Fund, 1997.
シリーズ:Occasional Papers; Occasional Paper ; No. 1997/003
オンライン・アクセス:Full text available on IMF
LEADER 01768cas a2200277 a 4500
001 AALejournalIMF012176
008 230101c9999 xx r poo 0 0eng d
020 |c 15.00 USD 
020 |z 9781557756237 
022 |a 0251-6365 
040 |a BD-DhAAL  |c BD-DhAAL 
100 1 |a Wilson, John. 
245 1 0 |a Kuwait :   |b From Reconstruction to Accumulation for Future Generations /  |c John Wilson, Susan Fennell, Nigel Chalk, Mohamed El-Erian. 
264 1 |a Washington, D.C. :  |b International Monetary Fund,  |c 1997. 
300 |a 1 online resource (59 pages) 
490 1 |a Occasional Papers 
500 |a <strong>Off-Campus Access:</strong> No User ID or Password Required 
500 |a <strong>On-Campus Access:</strong> No User ID or Password Required 
506 |a Electronic access restricted to authorized BRAC University faculty, staff and students 
520 3 |a Kuwait has made an impressive recovery from the damage and disruptions caused by the Iraqi invasion in 1990, as evidenced by the restoration of basic economic and social services, the recovery of the oil sector, the rehabilitation of infrastructure, and the steady reduction in the fiscal and balance of payments deficits. This paper examines recent developments in the Kuwaiti economy and discusses the country's medium-term policy challenges of saving for future generations, strengthening the financial sector, and improving the functioning of the labor market. 
538 |a Mode of access: Internet 
700 1 |a Chalk, Nigel. 
700 1 |a El-Erian, Mohamed. 
700 1 |a Fennell, Susan. 
830 0 |a Occasional Papers; Occasional Paper ;  |v No. 1997/003 
856 4 0 |z Full text available on IMF  |u http://elibrary.imf.org/view/books/084/04162-9781557756237-en/04162-9781557756237-en-book.xml  |z IMF e-Library